International marketing and export management

Αποθηκεύτηκε σε:
Λεπτομέρειες βιβλιογραφικής εγγραφής
Κύριος συγγραφέας: Albaum, Gerald S.
Μορφή: Βιβλίο
Γλώσσα:English
Δημοσίευση: Harlow : Addison Wesley, c1994
Έκδοση:2nd ed.
Σειρά:International business series (Wokingham, England)
Θέματα:
Ετικέτες: Προσθήκη ετικέτας
Δεν υπάρχουν, Καταχωρήστε ετικέτα πρώτοι!

MARC

LEADER 00000nam a2200000 i 4500
001 1/52901
008 980316s1994 eng d
020 |a 0201624044 
035 |l 10027427 
040 |a GR-MY-UA  |b gre  |e aacr 
041 0 |a eng 
082 0 |a 658.848 
100 1 |a Albaum, Gerald S. 
245 1 0 |a International marketing and export management /  |c Gerald Albaum ... [et al.] 
250 |a 2nd ed. 
260 |a Harlow :   |b Addison Wesley,   |c c1994 
300 |a xix, 484 σ. 
490 1 |a International business series 
504 |a Περιλαμβάνει ευρετήριο 
650 0 0 |a Export marketing  |x Management. 
830 0 |a International business series (Wokingham, England) 
852 |a INST  |b CHIOS  |e 19980316  |h 658.848 INT  |p 005200009689  |q 005200009689  |t BK  |y 0 
901 |a BIBL-1998-1 
909 |a Χ  |b 053581 
922 |a 2ΕΛΗ  |b 199802  |c ΤΔΕ  |d ΠΑΠΑΣΩΤΗΡΙΟΥ